|
|
|
|
| LEADER |
01121nam a22002537a 4500 |
| 001 |
36187 |
| 003 |
BD-DhAAL |
| 005 |
20211130153843.0 |
| 008 |
191103t2006 pk a|||| |||| 00| 0 eng d |
| 999 |
|
|
|c 41717
|d 41717
|
| 020 |
|
|
|a 0946182140
|
| 040 |
|
|
|a BD-DhAAL
|
| 082 |
|
|
|a 370.116
|2 22
|
| 245 |
|
|
|a Small is healthy :
|b a guide to promoting health in small schools /
|c edited by Pat Pridmore ; Tashmin Kassam-Khamis
|
| 260 |
|
|
|a Pakistan :
|b Institute for Educational Development, Aga Khan University;
|a London :
|b Child-to-Child Trust, Institute of Education,
|c 2006
|
| 300 |
|
|
|a xiii, 130 pages :
|b illustrations ;
|c 24 cm
|
| 526 |
|
|
|a BIED
|
| 541 |
|
|
|a Complimentary copy from BIED
|e 36187
|
| 650 |
|
|
|a Education and globalization.
|9 36682
|
| 650 |
|
|
|a International education.
|9 36683
|
| 650 |
|
|
|a Sustainable development.
|9 36684
|
| 852 |
|
|
|a Ayesha Abed Library
|c BIED Collection
|
| 942 |
|
|
|2 ddc
|c BK
|
| 952 |
|
|
|0 0
|1 0
|2 ddc
|4 0
|6 370_116000000000000_SMA
|7 0
|9 66982
|a BRACUL
|b BRACUL
|c GEN
|d 2019-11-03
|e Complimentary copy from BIED
|l 0
|o 370.116 SMA
|p 3010036187
|r 2019-11-03
|t 1
|w 2019-11-03
|y BK
|x Transferred from BIED to General Stacks
|